书目信息 |
| 题名: |
中国共产党执政理念的创新与发展
|
|
| 作者: | 陈俊宏 著 | |
| 分册: | ||
| 出版信息: | 北京 中共中央党校出版社 2009.07 |
|
| 页数: | 155页 | |
| 开本: | 23cm | |
| 丛书名: | ||
| 单 册: | ||
| 中图分类: | D25 | |
| 科图分类: | ||
| 主题词: | ||
| 电子资源: | ||
| ISBN: | 978-7-5035-4165-0 | |
| 000 | 00910nam0 2200217 450 | |
| 001 | CAL 012009138317 | |
| 005 | 20111223175125.06 | |
| 010 | @a978-7-5035-4165-0@dCNY25.00 | |
| 100 | @a20091015d2009 emky0chiy0110 ea | |
| 101 | 0 | @achi |
| 102 | @aCN@b110000 | |
| 105 | @ay z 000yy | |
| 200 | 1 | @a中国共产党执政理念的创新与发展@Azhong guo gong chan dang zhi zheng li nian de chuang xin yu fa zhan@f陈俊宏著 |
| 210 | @a北京@c中共中央党校出版社@d2009.07 | |
| 215 | @a155页@d23cm | |
| 330 | @a本书收录了22篇作品,主要有:“贯彻解放思想、实事求是思想路线的主要经验”、“学好邓小平理论的几个关键问题”、“‘四个多样化’与思想政治工作”、“党在新世纪执政方略的总纲”、“‘三个代表’与新世纪中国的发展”等文章。 | |
| 601 | 02 | @a中国共产党@AZhong Guo Gong Chan Dang@x执政@x研究 |
| 690 | @aD25@v4 | |
| 701 | 0 | @a陈俊宏@Achen jun hong@4著 |
| 801 | 0 | @aCN@bZZRC@c20111223 |
| 905 | @a郑州市财税学校图书馆@dD25@eC470@f3 | |
| 中国共产党执政理念的创新与发展/陈俊宏著.-北京:中共中央党校出版社,2009.07 |
| 155页;23cm |
| ISBN 978-7-5035-4165-0:CNY25.00 |
| 本书收录了22篇作品,主要有:“贯彻解放思想、实事求是思想路线的主要经验”、“学好邓小平理论的几个关键问题”、“‘四个多样化’与思想政治工作”、“党在新世纪执政方略的总纲”、“‘三个代表’与新世纪中国的发展”等文章。 |
| ● |
| 相关链接 |
|
|
|
正题名:中国共产党执政理念的创新与发展
索取号:D25/C470
 
预约/预借
| 序号 | 登录号 | 条形码 | 馆藏地/架位号 | 状态 | 备注 |
| 1 | 1065017 | 210650179 | 社科库509/509社科库 69排2列1层/ [索取号:D25/C470] | 在馆 | |
| 2 | 1065018 | 210650188 | 社科库509/509社科库 69排2列1层/ [索取号:D25/C470] | 在馆 | |
| 3 | 1065019 | 210650197 | 社科库509/509社科库 69排2列1层/ [索取号:D25/C470] | 在馆 |